Focus Auction Guide Analysis (Record no. 119213)
[ view plain ]
| 000 -LEADER | |
|---|---|
| fixed length control field | 00761cas a22002055a 4500 |
| 001 - CONTROL NUMBER | |
| control field | L146252 |
| 008 - FIXED-LENGTH DATA ELEMENTS--GENERAL INFORMATION | |
| fixed length control field | 081219c1996 xxk r p s 0 a0eng d |
| 035 ## - SYSTEM CONTROL NUMBER | |
| System control number | (Sirsi) u146252 |
| 041 0# - LANGUAGE CODE | |
| Language code of text/sound track or separate title | eng |
| 050 ## - LIBRARY OF CONGRESS CALL NUMBER | |
| Classification number | 333.32 $2 18 |
| 110 2# - MAIN ENTRY--CORPORATE NAME | |
| Corporate name or jurisdiction name as entry element | Property Intelligence plc |
| 9 (RLIN) | 3853 |
| 245 00 - TITLE STATEMENT | |
| Title | Focus Auction Guide Analysis |
| 260 ## - PUBLICATION, DISTRIBUTION, ETC. | |
| Place of publication, distribution, etc. | London |
| Name of publisher, distributor, etc. | Property Intelligence |
| Date of publication, distribution, etc. | 1996-2004 |
| 362 0# - DATES OF PUBLICATION AND/OR SEQUENTIAL DESIGNATION | |
| Dates of publication and/or sequential designation | 1996-2004 |
| 520 ## - SUMMARY, ETC. | |
| Summary, etc. | Using a sample of UK commercial property sales, presents data showing the variance between property market valuations and market transactions. Tables. Includes some data from 1982 onwards. |
| 650 24 - SUBJECT ADDED ENTRY--TOPICAL TERM | |
| Topical term or geographic name entry element | FOCUS AUCTION GUIDE ANALYSIS |
| 651 #4 - SUBJECT ADDED ENTRY--GEOGRAPHIC NAME | |
| Geographic name | United Kingdom |
| Chronological subdivision | |
| 690 ## - LOCAL SUBJECT ADDED ENTRY--TOPICAL TERM (OCLC, RLIN) | |
| Topical term or geographic name as entry element | PROPERTY-COMMERCIAL PROPERTY-COMMERCIAL PROPERTY MARKET |
| 942 ## - ADDED ENTRY ELEMENTS (KOHA) | |
| Suppress in OPAC | 0 |
| Withdrawn status | Lost status | Source of classification or shelving scheme | Damaged status | Not for loan | Home library | Current library | Shelving location | Date acquired | Total Checkouts | Full call number | Barcode | Date last seen | Copy number | Price effective from | Koha item type |
|---|---|---|---|---|---|---|---|---|---|---|---|---|---|---|---|
| Dewey Decimal Classification | London | London | Property market reports | 19/12/2008 | PROPERTY MARKET REPORT | 146252-1001 | 06/08/2019 | 1 | 06/08/2019 | Reference material |